000 00970nas a2200325 4500
001 BR0905682
003 BR-BrBNA
005 20231205113727.0
007 ta
008 230509b bl.|||p| |||| 00| 00por d
040 _aBR-BrBNA
_bpor
_cBiblioteca Nacional de Agricultura
041 _a(En)
072 _aF01; F06
100 1 _aMonteiro, R.O.C.
100 1 _aCoelho, R.D.
100 1 _aMelo, P.C.T. de
100 1 _aFerraz, P.
100 1 _aChaves, S.W.P.
100 1 _aShirahige, F.H.
100 1 _aBeltrame Neto, B.
100 1 _aPiedade, S.M. de S.
245 1 _aNet melon performance as affected by the drip irrigation depth and mulching
650 _aIRRIGAÇÃO LOCALIZADA
650 _aPRODUÇÃO VEGETAL
650 _aPÓS-COLHEITA
650 _aMELÃO
773 0 _tHorticultura Brasileira (Brazil)
_xISSN 0102-0536
_g(Oct -Dec 2008), v. 26(4) p. 447-451
_wBR0905682
909 _a202311
_bLúcia
_c55
_dLúcia Elande
942 _2AGRIS
_n0
_cANA
999 _c205269
_d205269